Top 11 most piece sets - Lego - Statistics

General Stats
  • This quiz has been taken 23 times
  • The average score is 5 of 11
Answer Stats
Pieces Answer % Correct
10,001 Eiffel Tower
85%
9,023 Death Star
75%
11,695 Art world map
70%
9,090 Titanic
70%
9,036 Colosseum
65%
7,541 UCS millennium falcon
45%
6,785 AT-AT
35%
6,020 Hogwarts castle
25%
6,187 Razor crest
25%
6,163 Ninjago city markets
15%
6,167 The lord of the rings: Rivendell
10%
No matching quizzes found
Score Distribution
Percent of People with Each Score
Percentile by Number Answered
Your Score History
You have not taken this quiz